Pattern formation in viscous flows: the Taylor-Couette problem and Rayleigh-Bénard convection

Збережено в:
Бібліографічні деталі
Автор: Meyer-Spasche, Rita (autora)
Формат: Книга
Мова:Англійська
Опубліковано: Basilea Birkhäuser 1999
Серія:International Series of Numerical Mathematics, 128
Предмети:
Теги: Додати тег
Немає тегів, Будьте першим, хто поставить тег для цього запису!

MARC

LEADER 00000nam a2200000 a 4500
001 UCL8266
003 CL-VaPUC
008 040618e19990000SZ |||||||||||||||||eng|d
020 |a 376436047X 
082 0 4 |a 532  |b MEY  |2 21 
100 |a Meyer-Spasche, Rita  |e autora  |9 486172 
245 1 0 |a Pattern formation in viscous flows: the Taylor-Couette problem and Rayleigh-Bénard convection 
300 |a 209 p 
942 |c BK 
945 |d 20040618 00:00:00  |a cmena 
260 |a Basilea  |b Birkhäuser  |c 1999 
650 0 |a Flujo viscoso  |9 426478 
650 0 |a Mecánica de fluidos   |9 259464 
650 0 |a Análisis vectorial   |9 260451 
650 0 |a Física matemática   |9 260981 
583 |a last modification  |c 20040618 00:00:00  |k Rodrigo Vera 
490 0 |a International Series of Numerical Mathematics, 128 
999 |c 309623  |d 309621 
952 |0 0  |1 0  |4 0  |6 532_000000000000000_MEY_1999  |7 0  |8 A  |9 377246  |a BIBCUR  |b BIBCUR  |d 2019-11-21  |i 4026497  |o 532 MEY 1999  |p 4026497  |r 2025-04-22  |w 2019-11-21  |y BK  |k FIS